Doctor who aliens - Statistics

General Stats
  • This quiz has been taken 806 times
  • The average score is 10 of 14
Answer Stats
Hint Answer % Correct
"Exterminate" Dalek
99%
Evil timelord The Master
88%
Only move when your not looking Weeping Angels
86%
Human sized robots on a mission to delete Cyberman
84%
Green reptiles from the planet Raxacoricofallapatorian Slitheen
77%
Creator of above Davros
72%
Red shape shifters surprisingly good kissers Zygon
70%
An intergalatic police force ,look like rhinos Judoon
67%
"_________ will fall" The Silence
61%
Strax,Kaagh addicted to war Sontarans
60%
Take form as animated plastic shop mannequins Autons
59%
The ball goes red they are angry The Ood
59%
From earth deep in the ground Silurians
47%
Orange cousins of the above Blathereen
28%
No matching quizzes found
Score Distribution
Percent of People with Each Score
Percentile by Number Answered
Your Score History
You have not taken this quiz